Country Flags by Wikipedia Description #1 - Statistics

General Stats
  • This quiz has been taken 1,648 times
  • The average score is 13 of 20
Answer Stats
Hint Answer % Correct
The Tricolour has become one of the most influential flags in history France
91%
Its similarity to the flag of Romania, which differs only in having a lighter shade of bluehas caused international discussion Chad
89%
The national flag of _____ is the world's only non-quadrilateral flag Nepal
85%
The flag of _____, also known as the Five-starred Red Flag China
84%
The flag of ___________ displays a white cross in the centre of a square red field Switzerland
84%
The national flag of the ______ _______ is the Union Jack, also known as the Union Flag United Kingdom
82%
The three points of the trident represent the three principles of democracy Barbados
80%
The inscription is the Islamic creed, or shahada: "There is no god but Allah; Muhammad is the Messenger of God" Saudi Arabia
76%
The motto Ordem e Progresso is inspired by Auguste Comte's motto of positivism Brazil
75%
It recalls the legend of an eagle sitting on a cactus while devouring a serpent Mexico
74%
The Ashoka Chakra representing the eternal wheel of law India
72%
The black star is the symbol of African emancipation Ghana
63%
In the hoist, it depicts the Southern Cross; in the fly, a raggiana bird-of-paradise is silhouetted Papua New Guinea
63%
The golden disk, which sits slightly off-centre toward the hoist, represents the full moon Palau
55%
It is the only current national flag in the world that does not feature any of the colours red, white, or blue Jamaica
53%
A gold sun with 32 rays above a soaring golden steppe eagle Kazakhstan
48%
The "Y" embraces a black isosceles triangle from which the arms are separated by narrow yellow bands South Africa
48%
It includes the resplendent quetzal, the national bird Guatemala
33%
A tricolor consisting of three equal horizontal bands, red on the top, blue in the middle, and white on the bottom Serbia
30%
Each castle is composed by a base building, showing a closed (yellow) gate, on top of which stand three battlemented towers Portugal
13%
No matching quizzes found
Score Distribution
Percent of People with Each Score
Percentile by Number Answered
Your Score History
You have not taken this quiz